000 nam a22 7a 4500
999 _c44358
_d44358
003 OSt
005 20180913110211.0
008 180913b xxu||||| |||| 00| 0 eng d
040 _cSERO SOFT
100 _aOBEROI,S.C
245 _aGUIDANCE AND COUNSELLING
260 _aMEERUT
_bR.LALL DEPOT
300 _a292
942 _2ddc
_c02